000 00472nam a2200133 a 4500
008 120416s1974 ||||||||||||||||| || u
050 _aNA 2543.S6 Dea
100 _aDeasy, C. M
245 1 0 _aDesign for human affairs
260 _aNew York
_bJohn Wiley and Sons
_c1974
300 _a183p. : ill.
350 _a0.00
995 _D0.00
_FCBU-MAIN LIBRARY (Kitwe)
_H1
_I0.00
_UAVAILABLE
_ZMain Library Open Access Collection
999 _c39683
_d39683